000 00287nam a2200121 a 4500
008 100917s1974|||| d
245 1 0 _aKatarína
100 1 _aDostojevskij, Fiodor Michajlovič
260 _bTatran
_aBratislava
_c1974
044 _axo
_cSK
041 _aslo
020 _c24
999 _c10489
_d10489